000 005170000a22001810004500
020 _a2-8254-1037-3
041 0 _aENG
082 0 4 _aG 269.2 F9818i
100 1 _aFung, Raymond
245 1 0 _aThe Isaiah vision : An ecumenical strategy for congregational evangelism / Raymond Fung
260 _aGeneva, Switzerland : World Council of Churches
300 _a55 Pag
001 8126
942 _cBK
999 _c38320
_d38320
336 _atexto
_btxt
_2rdacontent
337 _2rdamedia
_asin mediación
_bn
338 _2rdacarrier
_avolumen
_bnc